Word Ladder: Disney Animals Quiz Stats

 Plays Quiz Updated Jul 16, 2015

Challenge
Share
Tweet
Embed
Score 0/24 Timer 03:00
0 Plays Today
Hint 4-Letter Word % Correct
Fairy friend of Peter Pan, Tinker ____BELL
97.6%
Pirate antagonist in Peter PanHOOK
96.5%
Accessory you wear around your waistBELT
95.3%
Donald and Daisy's surnameDUCK
95.2%
One who professionally makes foodCOOK
94.8%
What Mickey and Minnie areMICE
94.1%
Place that often houses chickensCOOP
92.6%
Last name of fox that steals from the richHOOD
92.1%
Male cowBULL
91.7%
Event that changed Cinderella's lifeBALL
90.8%
Dog that thinks he has superpowersBOLT
90.1%
Items used in many board gamesDICE
90%
Hint 4-Letter Word % Correct
To graspHOLD
89.9%
5,280 feetMILE
89%
Aladdin, Hercules and Simba are all thisMALE
85.8%
Retail complexMALL
85.6%
Bambi eventually became oneBUCK
85.6%
A bundle of hayBALE
85.5%
Brave, like many Disney heroesBOLD
84.9%
Benito Mussolini was 'Il ___'DUCE
81.9%
To increase in sizeBULK
79.1%
To cutCHOP
74.5%
Rodent & pal of last rungCHIP
67.1%
Rodent & pal of first rungDALE
65.2%

Today's Daily Dose

Word Ladder
Bruno Mars Song

Get the Picture
Japanese Cars

You're not logged in!

Compare scores with friends on all Sporcle quizzes.
OR
Log In

You Might Also Like...

Show Comments

Extras

Top Quizzes Today


Score Distribution

Your Account Isn't Verified!

In order to create a playlist on Sporcle, you need to verify the email address you used during registration. Go to your Sporcle Settings to finish the process.

Report this User

Report this user for behavior that violates our Community Guidelines.

Details: